[Event "Regionalliga NW 0405"]
[Site "Bayern"]
[Date "2005.03.13"]
[Round "8.1"]
[White "Kraeussling, Andreas"]
[Black "Braun, Siegmund"]
[Result "1-0"]
[WhiteElo "2126"]
[BlackElo "2129"]
[PlyCount "30"]
[EventDate "2004.10.24"]
[EventType "team-tourn"]
[EventRounds "9"]
[EventCountry "GER"]
[SourceTitle "EXT 2007"]
[Source "ChessBase"]
[SourceDate "2006.11.23"]
[SourceVersion "1"]
[SourceVersionDate "2006.11.23"]
[SourceQuality "1"]
[WhiteTeam "Schweinfurt"]
[BlackTeam "Coburg"]
[WhiteTeamCountry "GER"]
[BlackTeamCountry "GER"]

1. d4 g6 2. e4 Bg7 3. f4 d6 4. c3 Nf6 5. Bd3 c6 6. Nf3 Bg4 7. Nbd2 Nbd7 8. h3 Bxf3 9. Nxf3 0-0 10. 0-0 b5 11. Qe1 Nb6 12. Qh4 e6 13. f5 exf5 14. exf5 Nfd5 15. Bg5 f6 1-0

[Event "Regionalliga NW 0405"]
[Site "Bayern"]
[Date "2005.01.16"]
[Round "5.1"]
[White "Haba, Zdenek"]
[Black "Braun, Siegmund"]
[Result "1/2-1/2"]
[WhiteElo "2240"]
[BlackElo "2129"]
[PlyCount "66"]
[EventDate "2004.10.24"]
[EventType "team-tourn"]
[EventRounds "9"]
[EventCountry "GER"]
[SourceTitle "EXT 2007"]
[Source "ChessBase"]
[SourceDate "2006.11.23"]
[SourceVersion "1"]
[SourceVersionDate "2006.11.23"]
[SourceQuality "1"]
[WhiteTeam "Kulmbach"]
[BlackTeam "Coburg"]
[WhiteTeamCountry "GER"]
[BlackTeamCountry "GER"]

1. d4 g6 2. c4 c5 3. d5 f5 4. Nf3 Bg7 5. g3 d6 6. Bg2 Nf6 7. Nc3 Na6 8. 0-0 0-0 9. Bg5 Nc7 10. Qd2 Rb8 11. a4 b6 12. Bh6 a6 13. Bxg7 Kxg7 14. e4 b5 15. axb5 axb5 16. exf5 Bxf5 17. Nh4 bxc4 18. Nxf5+ gxf5 19. Rfe1 h6 20. Bh3 Qd7 21. Ra7 Ng4 22. Bxg4 fxg4 23. Re6 Rf6 24. Qe2 Kf8 25. Qxg4 Rxe6 26. dxe6 Qxe6 27. Qf4+ Ke8 28. Rxc7 Rxb2 29. Qf3 Rb3 30. Qa8+ Kf7 31. Qf3+ Ke8 32. Qa8+ Kf7 33. Qf3+ Ke8 1/2-1/2

[Event "Staufer op 17th"]
[Site "Schwaebisch Gmuend"]
[Date "2005.01.04"]
[Round "5"]
[White "Braun, Siegmund"]
[Black "Namyslo, Holger"]
[Result "1/2-1/2"]
[WhiteElo "2166"]
[BlackElo "2289"]
[PlyCount "32"]
[EventDate "2005.01.??"]
[EventType "swiss"]
[EventRounds "9"]
[EventCountry "GER"]
[SourceTitle "EXT 2008"]
[Source "ChessBase"]
[SourceDate "2007.11.25"]
[SourceVersion "1"]
[SourceVersionDate "2007.11.25"]
[SourceQuality "1"]

1. Nf3 d5 2. g3 Nf6 3. Bg2 e6 4. 0-0 Be7 5. d4 0-0 6. c4 dxc4 7. Qc2 a6 8. a4 Bd7 9. Qxc4 Bc6 10. Bg5 Bd5 11. Qc2 Nc6 12. Bxf6 Bxf6 13. e4 Ba2 14. Rxa2 Nb4 15. Qb3 Nxa2 16. Qxa2 Bxd4 1/2-1/2

[Event "Regionalliga NW 0203"]
[Site "Bayern"]
[Date "2003.03.30"]
[Round "9.1"]
[White "Strobel, Walter"]
[Black "Braun, Siegmund"]
[Result "1/2-1/2"]
[WhiteElo "2209"]
[BlackElo "2066"]
[PlyCount "42"]
[EventDate "2002.10.20"]
[EventType "team-tourn"]
[EventRounds "9"]
[EventCountry "GER"]
[SourceTitle "EXT 2004"]
[Source "ChessBase"]
[SourceDate "2003.11.25"]
[SourceVersion "1"]
[SourceVersionDate "2003.11.25"]
[SourceQuality "1"]
[WhiteTeam "Klingenberg"]
[BlackTeam "Coburg"]
[WhiteTeamCountry "GER"]
[BlackTeamCountry "GER"]

1. e4 c5 2. Nf3 g6 3. d4 cxd4 4. Nxd4 Nc6 5. Nc3 Bg7 6. Be3 Nf6 7. Be2 0-0 8. 0-0 d5 9. exd5 Nxd5 10. Nxd5 Qxd5 11. Bf3 Qa5 12. Nxc6 bxc6 13. Bxc6 Rb8 14. Qd5 Qc7 15. Ba4 Rxb2 16. Qc5 Qxc5 17. Bxc5 Be6 18. Bxe7 Rc8 19. Rad1 Rxa2 20. Bb3 Bxb3 21. cxb3 Rb2 1/2-1/2

[Event "Regionalliga NW 0203"]
[Site "Bayern"]
[Date "2003.02.23"]
[Round "7.1"]
[White "Braun, Siegmund"]
[Black "Horther, Heinrich"]
[Result "0-1"]
[WhiteElo "2066"]
[BlackElo "2103"]
[PlyCount "126"]
[EventDate "2002.10.20"]
[EventType "team-tourn"]
[EventRounds "9"]
[EventCountry "GER"]
[SourceTitle "EXT 2004"]
[Source "ChessBase"]
[SourceDate "2003.11.25"]
[SourceVersion "1"]
[SourceVersionDate "2003.11.25"]
[SourceQuality "1"]
[WhiteTeam "Coburg"]
[BlackTeam "Kronach"]
[WhiteTeamCountry "GER"]
[BlackTeamCountry "GER"]

1. e4 c5 2. c3 g6 3. d4 cxd4 4. cxd4 d5 5. exd5 Nf6 6. Nc3 Nxd5 7. Qb3 Nb6 8. d5 Bg7 9. Be3 0-0 10. Rd1 N8d7 11. Nf3 Nf6 12. Be2 Bf5 13. 0-0 Ne4 14. Bd4 Nd6 15. Bxg7 Kxg7 16. Nd4 Bd7 17. Rfe1 Re8 18. Bf3 Nbc4 19. Ne4 Qa5 20. Nc3 Rac8 21. Rd3 Qb6 22. Qxb6 Nxb6 23. b3 Rc5 24. Red1 Rec8 25. Nde2 Kf8 26. Ne4 Rc2 27. R3d2 R8c7 28. h3 Nxe4 29. Bxe4 Rxd2 30. Rxd2 Nc8 31. Kf1 Bb5 32. Ke1 Bxe2 33. Kxe2 Rc3 34. Rd4 Nd6 35. Kd2 Nxe4+ 36. Rxe4 Rc5 37. Rd4 Ke8 38. b4 Rc7 39. Kd3 Rc1 40. Rc4 Rd1+ 41. Ke4 Kd7 42. Rd4 Re1+ 43. Kd3 Kd6 44. Kc4 Re2 45. Rf4 f6 46. a4 g5 47. Rf3 Re4+ 48. Kc3 Re5 49. Rd3 Rxd5 50. Re3 f5 51. h4 g4 52. g3 e5 53. Re1 e4 54. Re2 Rd1 55. Rc2 Rd3+ 56. Kc4 Ke5 57. a5 f4 58. gxf4+ Kxf4 59. Kb5 Rd5+ 60. Ka4 g3 61. fxg3+ Kxg3 62. Rc7 e3 63. Rg7+ Kf4 0-1

[Event "Regionalliga NW 0203"]
[Site "Bayern"]
[Date "2003.01.26"]
[Round "5.1"]
[White "Braun, Siegmund"]
[Black "Hofstetter, Hans Joachim"]
[Result "1/2-1/2"]
[WhiteElo "2066"]
[BlackElo "2193"]
[PlyCount "85"]
[EventDate "2002.10.20"]
[EventType "team-tourn"]
[EventRounds "9"]
[EventCountry "GER"]
[SourceTitle "EXT 2004"]
[Source "ChessBase"]
[SourceDate "2003.11.25"]
[SourceVersion "1"]
[SourceVersionDate "2003.11.25"]
[SourceQuality "1"]
[WhiteTeam "Coburg"]
[BlackTeam "Koenigshofen"]
[WhiteTeamCountry "GER"]
[BlackTeamCountry "GER"]

1. Nf3 Nf6 2. g3 g6 3. Bg2 Bg7 4. c4 0-0 5. 0-0 d6 6. d4 Nc6 7. d5 Na5 8. Nfd2 c5 9. a3 Nd7 10. Ra2 Qb6 11. b3 a6 12. Bb2 Qc7 13. Bxg7 Kxg7 14. Nc3 Rb8 15. a4 Nf6 16. h3 Bd7 17. Qa1 Kg8 18. f4 Nh5 19. g4 Ng7 20. Qe1 b5 21. axb5 axb5 22. Qa1 Nb7 23. cxb5 h5 24. gxh5 Nxh5 25. Nc4 Ng3 26. Rf3 Nf5 27. e3 f6 28. Ra7 Kf7 29. Qa6 Rh8 30. Rf2 Ng7 31. e4 Bxh3 32. e5 Bxg2 33. exd6 Qc8 34. Rxg2 Qh3 35. Rxb7 Qxc3 36. Rxe7+ Kf8 37. Qa5 Qd4+ 38. Ne3 Nf5 39. Qa7 Rd8 40. Rf7+ Ke8 41. Re7+ Kf8 42. Rf7+ Ke8 43. Re7+ 1/2-1/2

[Event "Regionalliga NW 0203"]
[Site "Bayern"]
[Date "2003.01.12"]
[Round "4.1"]
[White "Wetscherek, Andreas"]
[Black "Braun, Siegmund"]
[Result "1/2-1/2"]
[WhiteElo "2078"]
[BlackElo "2024"]
[PlyCount "101"]
[EventDate "2002.10.20"]
[EventType "team-tourn"]
[EventRounds "9"]
[EventCountry "GER"]
[SourceTitle "EXT 2004"]
[Source "ChessBase"]
[SourceDate "2003.11.25"]
[SourceVersion "1"]
[SourceVersionDate "2003.11.25"]
[SourceQuality "1"]
[WhiteTeam "Bayreuth"]
[BlackTeam "Coburg"]
[WhiteTeamCountry "GER"]
[BlackTeamCountry "GER"]

1. d4 Nf6 2. Nf3 g6 3. c4 Bg7 4. Nc3 0-0 5. e4 d6 6. h3 c6 7. Be3 Qc7 8. Be2 Nbd7 9. 0-0 e5 10. Qd2 Re8 11. d5 cxd5 12. Nxd5 Nxd5 13. cxd5 f5 14. Rac1 Qd8 15. exf5 gxf5 16. Bh6 Bf6 17. Bb5 a6 18. Ba4 b5 19. Bc2 Nb6 20. b3 Kh8 21. Ng5 Qe7 22. h4 Rg8 23. Bd1 Bb7 24. Bh5 Bxd5 25. Rfd1 Rgc8 26. Rxc8+ Rxc8 27. Qe3 Qb7 28. Qh3 Qd7 29. g4 f4 30. Rxd5 Bxg5 31. hxg5 Nxd5 32. g6 Rc1+ 33. Kh2 Nf6 34. g7+ Kg8 35. Qh4 Nxh5 36. gxh5 Qe8 37. Qg5 Rc7 38. Kg2 Rf7 39. Qg4 d5 40. Qd1 Qd8 41. Qe2 e4 42. Qg4 Qe8 43. Qg5 f3+ 44. Kf1 d4 45. Qd5 e3 46. Bf4 Qc8 47. fxe3 dxe3 48. Bxe3 Qh3+ 49. Ke1 Qg3+ 50. Bf2 Qxg7 51. Qd8+ 1/2-1/2

[Event "Staufer op 15th"]
[Site "Schwaebisch Gmuend"]
[Date "2003.01.03"]
[Round "5"]
[White "Braun, Siegmund"]
[Black "Gheng, Josef"]
[Result "0-1"]
[WhiteElo "2120"]
[BlackElo "2314"]
[PlyCount "126"]
[EventDate "2003.01.02"]
[EventType "swiss"]
[EventRounds "9"]
[EventCountry "GER"]
[SourceTitle "EXT 2004"]
[Source "ChessBase"]
[SourceDate "2003.11.25"]
[SourceVersion "1"]
[SourceVersionDate "2003.11.25"]
[SourceQuality "1"]

1. Nf3 Nf6 2. g3 b6 3. Bg2 Bb7 4. c4 e6 5. 0-0 Be7 6. Nc3 c5 7. d4 cxd4 8. Qxd4 0-0 9. b3 Nc6 10. Qd2 Bb4 11. Qd3 Be7 12. Bb2 d5 13. cxd5 Nb4 14. Qd2 Nbxd5 15. Nxd5 Bxd5 16. Rfd1 Qc8 17. Rac1 Qa6 18. Be5 Ne4 19. Qd3 Qxd3 20. exd3 Nc5 21. Nd4 Bxg2 22. Kxg2 Rfe8 23. Nb5 Red8 24. d4 Na6 25. Bf4 Nb4 26. Rc7 Nd5 27. Rxa7 Rxa7 28. Nxa7 Ra8 29. Nc6 Rxa2 30. Nxe7+ Nxe7 31. Rc1 h6 32. Bd6 Nd5 33. Rc8+ Kh7 34. Rb8 Rd2 35. Rb7 Kg6 36. Be5 Rb2 37. h4 h5 38. Kf3 Rxb3+ 39. Ke2 Rb2+ 40. Kf1 Rb4 41. Ke2 Rb2+ 42. Ke1 Rc2 43. f3 f6 44. Bd6 Rc6 45. Bb8 Rc3 46. Kf2 Rc2+ 47. Ke1 Rc8 48. Ba7 Rc4 49. Rb8 Rb4 50. Kf2 Rb2+ 51. Kg1 Kf5 52. Rb7 g6 53. Rb8 Ne3 54. Rxb6 Rg2+ 55. Kh1 Rxg3 56. Rb5+ Nd5 57. Rb3 Rh3+ 58. Kg2 Nf4+ 59. Kf2 Rh2+ 60. Kf1 Rxh4 61. Rb5+ Nd5 62. Kg2 g5 63. Bb8 Rxd4 0-1

[Event "Staufer op 15th"]
[Site "Schwaebisch Gmuend"]
[Date "2003.01.02"]
[Round "2"]
[White "Braun, Siegmund"]
[Black "Kveinys, Aloyzas"]
[Result "0-1"]
[WhiteElo "2120"]
[BlackElo "2541"]
[PlyCount "49"]
[EventDate "2003.01.02"]
[EventType "swiss"]
[EventRounds "9"]
[EventCountry "GER"]
[SourceTitle "EXT 2004"]
[Source "ChessBase"]
[SourceDate "2003.11.25"]
[SourceVersion "1"]
[SourceVersionDate "2003.11.25"]
[SourceQuality "1"]

1. Nf3 c5 2. c4 g6 3. g3 Bg7 4. Bg2 Nc6 5. Nc3 e6 6. d3 Nge7 7. Bd2 0-0 8. 0-0 d5 9. cxd5 exd5 10. Na4 b6 11. Bc3 d4 12. Bd2 Nd5 13. a3 Bb7 14. Rb1 Qe7 15. Re1 Rad8 16. Qc2 h6 17. Rbd1 Rfe8 18. Qc1 Kh7 19. e4 dxe3 20. fxe3 Qd7 21. Qc4 Nc7 22. Qh4 Qe7 23. Qxe7 Nxe7 24. Bc3 Bc6 25. b3 0-1

[Event "Regionalliga NW 0203"]
[Site "Bayern"]
[Date "2002.10.20"]
[Round "1.1"]
[White "Braun, Siegmund"]
[Black "Urytskyy, Arkadiy"]
[Result "1/2-1/2"]
[WhiteElo "2024"]
[BlackElo "2135"]
[PlyCount "153"]
[EventDate "2002.10.20"]
[EventType "team-tourn"]
[EventRounds "9"]
[EventCountry "GER"]
[SourceTitle "EXT 2004"]
[Source "ChessBase"]
[SourceDate "2003.11.25"]
[SourceVersion "1"]
[SourceVersionDate "2003.11.25"]
[SourceQuality "1"]
[WhiteTeam "Coburg"]
[BlackTeam "Hof"]
[WhiteTeamCountry "GER"]
[BlackTeamCountry "GER"]

1. Nf3 c5 2. g3 Nc6 3. Bg2 e5 4. 0-0 d5 5. c4 Nf6 6. cxd5 Nxd5 7. Qa4 f6 8. Nc3 Nc7 9. d3 Be6 10. Be3 Qd7 11. Rfc1 Rc8 12. Nb5 Nxb5 13. Qxb5 b6 14. a3 Na5 15. Qxd7+ Kxd7 16. Nd2 Be7 17. Rab1 Nc6 18. h4 Nd4 19. Bxd4 cxd4 20. Bb7 Rxc1+ 21. Rxc1 Rb8 22. Ba6 Kd8 23. Bc4 Rc8 24. Nb3 Bd7 25. Bg8 Rxc1+ 26. Nxc1 h6 27. Bd5 a5 28. Nb3 Kc7 29. Nd2 b5 30. Kf1 g5 31. hxg5 fxg5 32. Kg2 Bg4 33. f3 Bd7 34. g4 Be8 35. Kf1 Kd6 36. Ba8 a4 37. Ke1 h5 38. gxh5 Bxh5 39. Kd1 g4 40. fxg4 Bxg4 41. Bf3 Be6 42. Kc2 Kc7 43. Kd1 Bg5 44. Kc2 Kb6 45. Kd1 Bf4 46. Kc2 Kc5 47. Ne4+ Kb6 48. Nd2 Ka5 49. Bc6 Bg5 50. Bf3 Be7 51. Bc6 Kb6 52. Bf3 Bd7 53. Bg2 Kc7 54. Bf3 Kd8 55. Kd1 Ke8 56. Kc2 Kf7 57. Kd1 Kg6 58. Be4+ Kg5 59. Bf3 Kf4 60. Ba8 Ke3 61. Bb7 Kf2 62. Ne4+ Ke3 63. Nd2 Be8 64. Bf3 Bd7 65. Nf1+ Kf2 66. Nd2 b4 67. axb4 Bxb4 68. Nc4 Be6 69. Nxe5 Bb3+ 70. Kc1 Ke1 71. Nc4 Bf8 72. Kb1 Bh6 73. Na3 Bg7 74. Nc2+ Kd2 75. Na3 Bd1 76. Nc4+ Ke1 77. Bh5 1/2-1/2

[Event "Regionalliga NW 0102"]
[Site "Bayern"]
[Date "2002.04.14"]
[Round "8.1"]
[White "Dobrovolsky, Ladislav"]
[Black "Braun, Siegmund"]
[Result "1/2-1/2"]
[WhiteElo "2430"]
[BlackElo "2035"]
[PlyCount "22"]
[EventDate "2001.10.07"]
[EventType "team-tourn"]
[EventRounds "9"]
[EventCountry "GER"]
[SourceTitle "EXT 2003"]
[Source "ChessBase"]
[SourceDate "2002.11.25"]
[SourceVersion "1"]
[SourceVersionDate "2002.11.25"]
[SourceQuality "1"]
[WhiteTeam "Obernau"]
[BlackTeam "Coburg"]
[WhiteTeamCountry "GER"]
[BlackTeamCountry "GER"]

1. Nf3 c5 2. g3 g6 3. Bg2 Bg7 4. 0-0 Nf6 5. c4 d5 6. cxd5 Nxd5 7. Nc3 0-0 8. Nxd5 Qxd5 9. d3 Nc6 10. Be3 Qd6 11. Qc2 b6 1/2-1/2

[Event "Regionalliga NW 0102"]
[Site "Bayern"]
[Date "2002.01.20"]
[Round "4.1"]
[White "Braun, Siegmund"]
[Black "Ruettinger, Johannes"]
[Result "1/2-1/2"]
[WhiteElo "2035"]
[BlackElo "2100"]
[PlyCount "76"]
[EventDate "2001.10.07"]
[EventType "team-tourn"]
[EventRounds "9"]
[EventCountry "GER"]
[SourceTitle "EXT 2003"]
[Source "ChessBase"]
[SourceDate "2002.11.25"]
[SourceVersion "1"]
[SourceVersionDate "2002.11.25"]
[SourceQuality "1"]
[WhiteTeam "Coburg"]
[BlackTeam "Bindlach II"]
[WhiteTeamCountry "GER"]
[BlackTeamCountry "GER"]

1. Nf3 f5 2. d3 d6 3. e4 g6 4. exf5 Bxf5 5. d4 Bg7 6. Bd3 Qd7 7. 0-0 Nc6 8. c3 e5 9. Bb5 e4 10. d5 exf3 11. dxc6 bxc6 12. Qxf3 Ne7 13. Bd3 0-0 14. Bxf5 Nxf5 15. Qd3 Rab8 16. Nd2 Kh8 17. Nf3 d5 18. b3 Nd6 19. Be3 a5 20. Bd4 Ne4 21. Bxg7+ Qxg7 22. Qd4 Nxc3 23. Qxg7+ Kxg7 24. Nd4 Rf6 25. Rfc1 Ne4 26. Nxc6 Ra8 27. f3 Nd6 28. Ne7 d4 29. Rxc7 Nf7 30. Nc6 d3 31. Rd1 Kh6 32. Rxd3 a4 33. bxa4 Rxa4 34. Rdd7 Ra6 35. Rxf7 Rxf7 36. Rxf7 Rxc6 37. Rf4 Rc1+ 38. Kf2 Rc2+ 1/2-1/2

[Event "Staufer op 14th"]
[Site "Schwaebisch Gmuend"]
[Date "2002.??.??"]
[Round "8"]
[White "Bauer, Manfred"]
[Black "Braun, Siegmund"]
[Result "1-0"]
[WhiteElo "2254"]
[BlackElo "2134"]
[PlyCount "93"]
[EventDate "2002.02.??"]
[EventType "swiss"]
[EventRounds "9"]
[EventCountry "GER"]
[SourceTitle "EXT 2003"]
[Source "ChessBase"]
[SourceDate "2002.11.25"]
[SourceVersion "1"]
[SourceVersionDate "2002.11.25"]
[SourceQuality "1"]

1. e4 c5 2. Nf3 g6 3. d4 cxd4 4. Nxd4 Nc6 5. c4 Nf6 6. Nc3 d6 7. Be2 Nxd4 8. Qxd4 Bg7 9. Bg5 0-0 10. Qd2 Qa5 11. f3 Be6 12. Nd5 Qxd2+ 13. Kxd2 Bxd5 14. cxd5 a6 15. Rac1 Rac8 16. Rxc8 Rxc8 17. Rc1 Rxc1 18. Kxc1 Kf8 19. Kc2 Nd7 20. b4 Bd4 21. Kd3 Bg1 22. h3 f6 23. Bd2 Kf7 24. Kc4 e6 25. dxe6+ Kxe6 26. f4 b5+ 27. Kd3 Nb6 28. Bd1 f5 29. exf5+ gxf5 30. Bb3+ d5 31. Be3 Bxe3 32. Kxe3 Nc4+ 33. Kd4 h6 34. Bd1 a5 35. bxa5 Nxa5 36. Kc5 Nc4 37. Kxb5 Nb2 38. Bf3 Nd3 39. g3 Kd6 40. a4 Nc5 41. a5 Ne6 42. Bd1 Nc7+ 43. Kb6 d4 44. Bc2 Nd5+ 45. Kb7 h5 46. Bxf5 h4 47. gxh4 1-0

[Event "Regionalliga NW 0001"]
[Site "Bayern"]
[Date "2001.04.29"]
[Round "9"]
[White "Deml, Tilo"]
[Black "Braun, Siegmund"]
[Result "1-0"]
[WhiteElo "1990"]
[BlackElo "2015"]
[PlyCount "64"]
[EventDate "2000.10.15"]
[EventType "team-tourn"]
[EventRounds "9"]
[EventCountry "GER"]
[SourceTitle "EXT 2020"]
[Source "ChessBase"]
[SourceDate "2019.10.17"]
[SourceVersion "1"]
[SourceVersionDate "2019.10.17"]
[SourceQuality "1"]
[WhiteTeam "Marktleuthen"]
[BlackTeam "Coburg"]
[WhiteTeamCountry "GER"]
[BlackTeamCountry "GER"]

1. d4 g6 2. e4 Bg7 3. Nc3 d6 4. Bc4 Nc6 5. Be3 Nf6 6. f3 e5 7. Nge2 a6 8. a3 exd4 9. Nxd4 Nxd4 10. Bxd4 0-0 11. Qd2 Be6 12. Bxe6 fxe6 13. 0-0-0 Nd7 14. Bxg7 Kxg7 15. h4 Qf6 16. h5 Qf4 17. Qxf4 Rxf4 18. Ne2 Rf6 19. Rh2 g5 20. Nd4 h6 21. Rhh1 Kf7 22. Rhf1 Ke7 23. Rf2 Ne5 24. Rfd2 Rg8 25. Ne2 Nc6 26. Rd3 e5 27. Ng3 g4 28. Nf5+ Ke6 29. g3 Ne7 30. Nh4 gxf3 31. Nxf3 Rg4 32. Re1 Kd7 1-0

[Event "Regionalliga NW 0001"]
[Site "Bayern"]
[Date "2001.01.28"]
[Round "5.3"]
[White "Kuhn, Norbert"]
[Black "Braun, Siegmund"]
[Result "0-1"]
[WhiteElo "2135"]
[BlackElo "2015"]
[PlyCount "50"]
[EventDate "2000.10.15"]
[EventType "team-tourn"]
[EventRounds "9"]
[EventCountry "GER"]
[SourceTitle "EXT 2020"]
[Source "ChessBase"]
[SourceDate "2019.10.17"]
[SourceVersion "1"]
[SourceVersionDate "2019.10.17"]
[SourceQuality "1"]
[WhiteTeam "Wuerzburg II"]
[BlackTeam "Coburg"]
[WhiteTeamCountry "GER"]
[BlackTeamCountry "GER"]

1. e4 c5 2. d4 cxd4 3. c3 g6 4. cxd4 d5 5. e5 Nh6 6. Nc3 Nc6 7. Be2 Bg7 8. Nf3 Bg4 9. Qb3 Bxf3 10. Bxf3 e6 11. Qxb7 Nxd4 12. Bg5 Rb8 13. Qxa7 Nc6 14. Qc5 Qb6 15. Qxb6 Rxb6 16. 0-0 Nxe5 17. Be2 0-0 18. Rab1 Nf5 19. Rfc1 Rfb8 20. Na4 Rb4 21. b3 Nd4 22. Bf1 Nef3+ 23. gxf3 Nxf3+ 24. Kh1 Nxg5 25. Rc6 Rxa4 0-1

[Event "Regionalliga NW 0001"]
[Site "Bayern"]
[Date "2001.01.14"]
[Round "4.3"]
[White "Braun, Siegmund"]
[Black "Scheidt, Karlheinz"]
[Result "1/2-1/2"]
[WhiteElo "2125"]
[BlackElo "2015"]
[PlyCount "136"]
[EventDate "2000.10.15"]
[EventType "team-tourn"]
[EventRounds "9"]
[EventCountry "GER"]
[SourceTitle "EXT 2020"]
[Source "ChessBase"]
[SourceDate "2019.10.17"]
[SourceVersion "1"]
[SourceVersionDate "2019.10.17"]
[SourceQuality "1"]
[WhiteTeam "Coburg"]
[BlackTeam "Burgsinn"]
[WhiteTeamCountry "GER"]
[BlackTeamCountry "GER"]

1. Nf3 g6 2. g3 Bg7 3. d4 Nf6 4. Bg2 0-0 5. 0-0 d6 6. c4 c5 7. Nc3 Nc6 8. dxc5 dxc5 9. Na4 Qc7 10. Nxc5 Rd8 11. Qa4 Nd4 12. Nxd4 Rxd4 13. Qb4 Qb6 14. Qxb6 axb6 15. Nb3 Rxc4 16. Rd1 Bg4 17. Bxb7 Rb8 18. Bf3 e5 19. Be3 e4 20. Bxg4 Nxg4 21. Bd4 Rc2 22. Bxg7 Kxg7 23. Rd2 Rbc8 24. Rad1 e3 25. fxe3 Nxe3 26. Rxc2 Rxc2 27. Rd2 Rc6 28. Kf2 Ng4+ 29. Kg2 Rf6 30. h3 Ne3+ 31. Kg1 Rf1+ 32. Kh2 Rb1 33. Rd3 Nd1 34. Nd4 f5 35. Kg2 Kf6 36. b3 g5 37. Nb5 f4 38. Kf3 fxg3 39. Kxg3 h5 40. Nc3 Nxc3 41. Rxc3 Rb2 42. Rc6+ Kf5 43. Rxb6 Rxa2 44. Rb5+ Kf6 45. Kf2 Ra1 46. h4 gxh4 47. Rxh5 Rb1 48. Rxh4 Rxb3 49. Rh5 Ra3 50. e3 Kg6 51. Rb5 Ra7 52. Kf3 Ra6 53. Kf4 Re6 54. Re5 Ra6 55. Rb5 Rc6 56. Ke5 Kf7 57. Kd5 Rh6 58. e4 Rh1 59. Rb7+ Ke8 60. Rc7 Rh6 61. e5 Ra6 62. Rh7 Rg6 63. Ke4 Ra6 64. Kf5 Rb6 65. Rh1 Ra6 66. Rh4 Rb6 67. Rd4 Ke7 68. Ra4 Ke8 1/2-1/2

[Event "Regionalliga NW 9899"]
[Site "Bayern"]
[Date "1999.??.??"]
[Round "8.3"]
[White "Braun, Siegmund"]
[Black "Stickler, Roberto"]
[Result "1/2-1/2"]
[WhiteElo "2035"]
[BlackElo "2025"]
[PlyCount "126"]
[EventDate "1998.??.??"]
[EventType "team-tourn"]
[EventRounds "9"]
[EventCountry "GER"]
[SourceTitle "EXT 2020"]
[Source "ChessBase"]
[SourceDate "2019.10.17"]
[SourceVersion "1"]
[SourceVersionDate "2019.10.17"]
[SourceQuality "1"]
[WhiteTeam "Coburg"]
[BlackTeam "Dettingen"]
[WhiteTeamCountry "GER"]
[BlackTeamCountry "GER"]

1. Nf3 Nf6 2. g3 g6 3. Bg2 Bg7 4. 0-0 0-0 5. c4 d6 6. d4 Nbd7 7. Qc2 c5 8. b3 Rb8 9. Nc3 a6 10. Bb2 b6 11. Rfd1 Bb7 12. e4 Qc7 13. Nd5 Nxd5 14. cxd5 Rfc8 15. Rac1 Qd8 16. Qd2 Qf8 17. Ng5 cxd4 18. Bxd4 Bxd4 19. Qxd4 Rxc1 20. Rxc1 Rc8 21. Qb2 Rxc1+ 22. Qxc1 Qc8 23. Qb2 h6 24. Nf3 Nc5 25. Nd4 a5 26. Qc3 Na6 27. Qd2 Kg7 28. Qb2 Kg8 29. h4 Nb4 30. Qd2 Kh7 31. a3 Na6 32. h5 Qg4 33. Bf3 Qg5 34. Qc2 Qf6 35. Qd1 Nc5 36. b4 axb4 37. axb4 Nd7 38. hxg6+ fxg6 39. Ne6 Ne5 40. Bg2 Bc8 41. f4 Nc4 42. Qd4 Qxd4+ 43. Nxd4 Kg7 44. Bf1 Ne3 45. Be2 Kf7 46. Kf2 Ng4+ 47. Bxg4 Bxg4 48. Nc2 Bc8 49. Na3 g5 50. Ke3 gxf4+ 51. Kxf4 Ba6 52. e5 Bf1 53. Nc2 Bc4 54. Ne3 Ba2 55. exd6 exd6 56. Nf5 Bxd5 57. Nxh6+ Ke6 58. g4 Bb3 59. Nf5 Kd5 60. g5 Kc4 61. g6 Kxb4 62. Nxd6 Kc5 63. Ke5 Bg8 1/2-1/2

[Event "Regionalliga NW 9899"]
[Site "Bayern"]
[Date "1999.??.??"]
[Round "9.3"]
[White "Reisert, Wolfgang"]
[Black "Braun, Siegmund"]
[Result "0-1"]
[WhiteElo "1955"]
[BlackElo "2035"]
[PlyCount "60"]
[EventDate "1998.??.??"]
[EventType "team-tourn"]
[EventRounds "9"]
[EventCountry "GER"]
[SourceTitle "EXT 2020"]
[Source "ChessBase"]
[SourceDate "2019.10.17"]
[SourceVersion "1"]
[SourceVersionDate "2019.10.17"]
[SourceQuality "1"]
[WhiteTeam "Mainaschaff"]
[BlackTeam "Coburg"]
[WhiteTeamCountry "GER"]
[BlackTeamCountry "GER"]

1. d4 c5 2. c3 Qa5 3. dxc5 Qxc5 4. g3 Nf6 5. Bg2 Nc6 6. Be3 Qb5 7. Qb3 Qa5 8. Nf3 g6 9. Na3 Bg7 10. Nc4 Qc7 11. Nd4 Ng4 12. Nb5 Qb8 13. Bc5 0-0 14. Bd5 b6 15. Bd6 exd6 16. Ncxd6 Nge5 17. 0-0-0 a6 18. Nxf7 Nxf7 19. Nd6 Na5 20. Bxf7+ Kh8 21. Qa4 Bb7 22. Rhe1 Bc6 23. Qh4 Qd8 24. Qh3 Qf6 25. Bb3 Nxb3+ 26. axb3 a5 27. f4 a4 28. b4 a3 29. Kc2 axb2 30. Rd3 Ra3 0-1

[Event "Staufer op 10th"]
[Site "Schwaebisch Gmuend"]
[Date "1998.??.??"]
[Round "2"]
[White "Braun, Siegmund"]
[Black "Jurek, Josef"]
[Result "0-1"]
[WhiteElo "2120"]
[BlackElo "2395"]
[PlyCount "82"]
[EventDate "1998.01.??"]
[EventType "swiss"]
[EventRounds "9"]
[EventCountry "GER"]
[SourceTitle "CBM 062 Extra"]
[Source "ChessBase"]
[SourceDate "1998.03.09"]
[SourceVersion "1"]
[SourceVersionDate "1998.03.09"]
[SourceQuality "1"]

1. Nf3 c5 2. g3 Nc6 3. Bg2 e5 4. d3 g6 5. 0-0 Bg7 6. c4 Nge7 7. Nc3 d6 8. Rb1 h6 9. a3 a5 10. Bd2 Be6 11. e4 0-0 12. Nd5 a4 13. Nc3 Bg4 14. h3 Bxf3 15. Bxf3 Nd4 16. Bg2 Qd7 17. Be3 Ra6 18. b4 axb3 19. Bxd4 cxd4 20. Nb5 Nc8 21. Qxb3 Nb6 22. Qc2 Na4 23. Rb4 Nc5 24. Rfb1 Bf6 25. Rf1 Kg7 26. Qe2 h5 27. f4 h4 28. gxh4 Rh8 29. f5 Rxh4 30. fxg6 fxg6 31. Rf3 Bg5 32. Rb1 Be3+ 33. Kh2 Bf4+ 34. Kg1 Ra8 35. Rbf1 g5 36. Qf2 Rah8 37. Rg3 Qe7 38. Ra1 Bxg3 39. Qxg3 Ne6 40. Rb1 Nf4 41. Kh2 g4 0-1

[Event "Regionalliga NW 9899"]
[Site "Bayern"]
[Date "1998.??.??"]
[Round "2.3"]
[White "Stelzig, Georg"]
[Black "Braun, Siegmund"]
[Result "1/2-1/2"]
[WhiteElo "2055"]
[BlackElo "2035"]
[PlyCount "41"]
[EventDate "1998.??.??"]
[EventType "team-tourn"]
[EventRounds "9"]
[EventCountry "GER"]
[SourceTitle "EXT 2020"]
[Source "ChessBase"]
[SourceDate "2019.10.17"]
[SourceVersion "1"]
[SourceVersionDate "2019.10.17"]
[SourceQuality "1"]
[WhiteTeam "Klingenberg"]
[BlackTeam "Coburg"]
[WhiteTeamCountry "GER"]
[BlackTeamCountry "GER"]

1. d4 c5 2. c3 Qa5 3. Nd2 cxd4 4. Nb3 Qb6 5. cxd4 Nf6 6. Nf3 g6 7. Bf4 Nc6 8. Rc1 d6 9. e3 Bg7 10. Be2 a5 11. 0-0 a4 12. Nbd2 0-0 13. Nc4 Qd8 14. h3 Be6 15. Nfd2 Bd5 16. Nb1 b5 17. Ncd2 Nb4 18. Nc3 Nxa2 19. Nxa2 Bxa2 20. Ra1 Bd5 21. Bxb5 1/2-1/2